Przemoc i masowe zbrodnie hitleryzmu i stalinizmu
| Titel: | Przemoc i masowe zbrodnie hitleryzmu i stalinizmu : próba studium porównawczego / Witold Nieciuński |
|---|---|
| Verfasser: | |
| Ausgabe: | Wyd. 1 |
| Veröffentlicht: | Warszawa : Wydawn. Nauk. Scholar, 1998 |
| Umfang: | 97 S. |
| Format: | Buch |
| Sprache: | Polnisch |
| ISBN: | 8387367338 |
alg: 8385362 001A $03004:06-10-99 001B $01999:12-05-23 $t22:57:59.000 001C $06002:02-03-06 $t15:19:55.000 001D $09999:99-99-99 001U $0utf8 001X $00 002@ $0Aau 003@ $0083853626 003O $040569030 $aOCoLC 004A $083-87367-33-8 007A $0083853626 $aHEB 007T $0Herdhh083853626 010@ $apol 011@ $a1998 013H $0z 019@ $apl 021A $aPrzemoc i masowe zbrodnie hitleryzmu i stalinizmu $dpróba studium porównawczego $hWitold Nieciuński 028A $7 $8Nieciuński, Witold [Tnd] $9138845220 032@ $aWyd. 1 033A $pWarszawa $nWydawn. Nauk. Scholar 034D $a97 S. 044K $RKommunismus $REntstalinisierung $#Stalinisme $#Stalinismus $74056883-0 $8Stalinismus [Ts1] $9085158437 044K $RMord $RMassaker $#Mass murder $#Meurtre multiple $#Massenmord $#Massentötung $#Massenvernichtung $74120706-3 $8Massenmord [Ts1] $9085386731 044K $RFaschismus $RDrittes Reich $#National socialism $#National-socialisme $#Nazionalsocialismo $#Nacionalsocialismo $#National Socialism $#Faschismus $#Nationalsozialismus $#NS $74041316-0 $8Nationalsozialismus [Tsz] $908511314X 045F $a909.04924094 $eDDC23BSB 045F/01 $a909.04924 045F/03 $g4 045G $a900.940904 $eDDC23BSB 045G/01 $a900 045G/03 $f0904 045G/03 $g4 045H $a909 $eDDC23BSB 045H/01 $a909 045H/03 $g4 046M $aLiteraturverz. S. [98] lok: 8385362 24 101B $004-12-02 $t12:18:44.080 101C $006-10-99 145Z/01 $a1 3 F 145Z/02 $a1 7 NK 145Z/03 $a1 7 U 101U $0utf8 exp: 8385362 24 1 #EPN 201B/01 $017-12-02 $t11:51:49.589 201C/01 $006-10-99 203@/01 $0137911246 208@/01 $a06-10-99 $bz 209A/01 $a99.3281 $du $f050 $h99 3281 $x00 209C/01 $a99.3281 K $h99 3281 K 209G/01 $a70155443 $x00 247C/01 $8358050-7Marburg, Bibliothek des Herder-Instituts Marburg $9102600961 201U/01 $0utf8 lok: 8385362 66 exp: 8385362 66 1 #EPN 201B/01 $016-10-09 $t19:29:29.000 201U/01 $0utf8 203@/01 $0583002889 208@/01 $a15-10-09 $br 209A/01 $aG Nie/P $du $f000 $x00 209C/01 $a99/a83JK 244Z/01 $amasowe zbrodnie $x01 244Z/01 $azbrodnie hitleryzmu $x02 244Z/01 $azbrodnie stalinizmu $x03 244Z/01 $aterror dyktatury $x04 247C/01 $8618123-5 Darmstadt, Bibliothek des Deutschen Polen-Instituts $9102600902 lok: 8385362 78 exp: 8385362 78 1 #EPN 201B/01 $019-04-17 $t18:37:36.000 201U/01 $0utf8 203@/01 $0794200885 208@/01 $a12-11-16 $be 209A/01 $a/ $f000 $x00 237A/01 $aweiterführende Signatur(en): Herder-Institut: 99.3281 244Z/01 $2Trx $8--Trx--Monographie $x01 $9391384546 245Z/01 $a08.04.09 $x01 247C/01 $82080>Marburg/Lahn, Herder-Institut, Forschungsbibliothek, Bibliographieportal $9336309341
| LEADER | 00000cam a2200000 c 4500 | ||
|---|---|---|---|
| 001 | 083853626 | ||
| 003 | DE-603 | ||
| 005 | 20230512225759.0 | ||
| 007 | tu | ||
| 008 | 991006s1998 xx |||| | u00||u|pol c | ||
| 020 | |a 8387367338 | ||
| 035 | |a (DE-599)HEB083853626 | ||
| 035 | |a (OCoLC)40569030 | ||
| 040 | |a DE-603 |b ger |c DE-603 |d DE-603 | ||
| 041 | |a pol | ||
| 082 | 0 | 4 | |8 1\u |a 909.04924094 |q DE-101 |2 23/BSB |
| 083 | 0 | |8 2\u |a 900.940904 |q DE-101 |2 23/BSB | |
| 083 | 0 | |8 3\u |a 909 |q DE-101 |2 23/BSB | |
| 085 | |8 1\u |b 909.04924 | ||
| 085 | |8 1\u |z 2 |s 4 | ||
| 085 | |8 2\u |b 900 | ||
| 085 | |8 2\u |z 1 |s 0904 | ||
| 085 | |8 2\u |z 2 |s 4 | ||
| 085 | |8 3\u |b 909 | ||
| 085 | |8 3\u |z 2 |s 4 | ||
| 100 | 1 | |a Nieciuński, Witold |0 (DE-603)138845220 | |
| 245 | 0 | 0 | |a Przemoc i masowe zbrodnie hitleryzmu i stalinizmu |b próba studium porównawczego |c Witold Nieciuński |
| 250 | |a Wyd. 1 | ||
| 264 | 1 | |a Warszawa |b Wydawn. Nauk. Scholar |c 1998 | |
| 300 | |a 97 S. | ||
| 504 | |a Literaturverz. S. [98] | ||
| 650 | 7 | |a Stalinismus |0 (DE-588)4056883-0 |0 (DE-603)085158437 |2 gnd | |
| 650 | 7 | |a Massenmord |0 (DE-588)4120706-3 |0 (DE-603)085386731 |2 gnd | |
| 650 | 7 | |a Nationalsozialismus |0 (DE-588)4041316-0 |0 (DE-603)08511314X |2 gnd | |
| 924 | 0 | |9 Mb 50 |a (DE-603)137911246 |b DE-Mb50 |c HES |d c |g 99.3281 | |
| 924 | 0 | |9 Ds 123 |a (DE-603)583002889 |b DE-Ds123 |c HES |d d |g G Nie/P | |
| 924 | 0 | |9 2080 |a (DE-603)794200885 |b DE-2080 |c HES |d d |g / | |


